[Event "TUR-chT"]
[Site "Kocaeli"]
[Date "2014.08.26"]
[Round "10.7"]
[White "Ozkan, Ufuk"]
[Black "Arat, Ufuk Sezen"]
[Result "0-1"]
[WhiteElo "1717"]
[BlackElo "2189"]
[PlyCount "48"]
[EventDate "2014.08.18"]
[EventType "team-tourn"]
[EventRounds "13"]
[EventCountry "TUR"]
[SourceTitle "CBM 162 Extra"]
[Source "ChessBase"]
[SourceDate "2014.10.17"]
[SourceVersion "1"]
[SourceVersionDate "2014.10.17"]
[SourceQuality "1"]
[WhiteTeam "Aliaga Genclik"]
[BlackTeam "Besiktas Jimnastik"]
[WhiteTeamCountry "TUR"]
[BlackTeamCountry "TUR"]

1. d4 d6 2. Nf3 Nf6 3. Nc3 g6 4. e4 Bg7 5. Qe2 c6 6. Bg5 h6 7. Bh4 Qc7 8. Bg3 Nh5 9. 0-0-0 Nd7 10. Qd2 Nxg3 11. hxg3 b5 12. Nh4 Bb7 13. f4 0-0-0 14. Nf3 Kb8 15. Kb1 b4 16. Ne2 c5 17. d5 Nf6 18. Qe3 Ng4 19. Qg1 e6 20. Nc1 exd5 21. exd5 Qe7 22. Rd3 Qf6 23. Rb3 Bxd5 24. c4 Bc6 0-1

[Event "TUR-chT"]
[Site "Kocaeli"]
[Date "2014.08.23"]
[Round "7.1"]
[White "Iskandarov, Misratdin"]
[Black "Ozkan, Ufuk"]
[Result "1-0"]
[WhiteElo "2397"]
[BlackElo "1717"]
[PlyCount "43"]
[EventDate "2014.08.18"]
[EventType "team-tourn"]
[EventRounds "13"]
[EventCountry "TUR"]
[SourceTitle "CBM 162 Extra"]
[Source "ChessBase"]
[SourceDate "2014.10.17"]
[SourceVersion "1"]
[SourceVersionDate "2014.10.17"]
[SourceQuality "1"]
[WhiteTeam "Mersin Ezgi"]
[BlackTeam "Aliaga Genclik"]
[WhiteTeamCountry "TUR"]
[BlackTeamCountry "TUR"]

1. e4 d5 2. exd5 Nf6 3. Nc3 Nxd5 4. Bc4 Nxc3 5. Qf3 e6 6. Qxc3 Nd7 7. Ne2 Nf6 8. d4 Be7 9. 0-0 0-0 10. Qf3 Rb8 11. Bd3 b6 12. Bf4 Nd5 13. Be5 Bd6 14. a3 Bb7 15. Qh3 h6 16. Rad1 c5 17. c4 cxd4 18. Bxd6 Qxd6 19. cxd5 Qxd5 20. Nxd4 Kh8 21. Ne2 Qe5 22. Nc3 1-0